000 00832nam a2200241Ia 4500
003 OSt
005 20220923220849.0
006 a|||||r|||| 00| 0
007 ta
008 220922b |||||||| |||| 00| 0 hin d
024 _a191,549
037 _cTextual
040 _aARTS
_cARTS
_bhin
041 _2hin
_ahin
082 _aV2y7N07x, 152L7
100 _aसिन्धु, वीरेन्द्र, संपा.
245 0 _aभगतसिंह
_b पत्र और दस्तावेज
246 _aBhagatasianha: patra aur dastāveja
260 _aदिल्ली
_b राजपाल एण्ड सन्ज
_c1977
300 _a112पृ.
_ccm.
942 _hV2y7N07x, 152L7
_cTEXL
_2CC
999 _c344256
_d344256